|
|
|
|
| LEADER |
01044nam a2200229 i 4500 |
| 003 |
GR-PaULI |
| 005 |
20230308125914.0 |
| 008 |
230308s2021 gr ||||g b||| 00| 0 gre d |
| 952 |
|
|
|0 0
|1 0
|2 ddc
|4 0
|6 792_023300000000000_092_MEY
|7 0
|9 369609
|a THST
|b THST
|d 2023-03-08
|i 017516
|l 1
|o 792.0233 092 MEY
|p 025000296816
|r 2025-01-15 10:25:13
|s 2024-11-21
|t 1
|w 2023-03-08
|y BK15
|
| 999 |
|
|
|c 215940
|d 215940
|
| 020 |
|
|
|a 9789604993826
|
| 040 |
|
|
|a GR-PaULI
|b gre
|c GR-PaULI
|
| 041 |
1 |
|
|a gre
|h rus
|
| 082 |
0 |
4 |
|2 23
|a 792.0233 092
|
| 100 |
1 |
|
|9 159771
|a Meyerhold,- V. E.,
|d 1874-1940
|e συγγραφέας
|q (Vsevolod Emilevich),
|
| 245 |
1 |
0 |
|a Για το θέατρο /
|b Βσέβολοντ Μέγερχολντ ; μετάφραση Μαρία Σικιτάνο.
|
| 260 |
|
|
|a Αθήνα :
|b Τόπος,
|c 2021.
|
| 300 |
|
|
|a 285 σ. ;
|c 25 εκ.
|
| 490 |
1 |
|
|a Μαρξιστές / ριζοσπάστες κλασικοί / Τόπος
|
| 830 |
|
0 |
|9 196544
|a Μαρξιστές/ριζοσπάστες κλασικοί (Τόπος)
|
| 942 |
|
|
|2 ddc
|c BK15
|
| 998 |
|
|
|c ΜΑΝΙΑ
|d 2023-03
|